| 000 | 00742nam a2200253 a 4500 | ||
|---|---|---|---|
| 999 |
_c12279 _d12279 |
||
| 001 | 12279 | ||
| 003 | BD-JhCC | ||
| 005 | 20210921101039.0 | ||
| 008 | 210921b2010 bg |||| ||a| 000 0 eng d | ||
| 020 | _a9847010300246 | ||
| 035 | _a(BD-JhCC)12279 | ||
| 040 |
_aBD-JhCC _dBD-JhCC |
||
| 041 | _aenglish | ||
| 082 |
_a297.1971 _bNOO 2010 |
||
| 100 | _aNoor, Abdun | ||
| 245 |
_aClassification and Integration of knowledge in Islamic Epistemology / _c Abdun Noor, Mamtaj Uddin Ahmed. |
||
| 260 |
_aDhaka: _bBangladesh Institute of islamic thoght(BIIT); _c2010. |
||
| 300 |
_a174 p. : _c24 cm. |
||
| 650 | _aIslamic Education | ||
| 650 | _aKnowledge,Theory of islam | ||
| 700 | _aAhmed, Mamtaj Uddin | ||
| 942 |
_2ddc _cBK |
||